MARC

LEADER 00000n m0a2200000 4500
001 373118
005 20231101050608.0
035 |a (RuTPU)RU\TPU\retro\30544 
035 |a RU\TPU\book\224380 
090 |a 373118 
100 |a 20221215d1966 km y0rusy50 ca 
101 0 |a rus 
102 |a MD 
105 |a a z 001zy 
200 1 |a Выпрямители для зарядки аккумуляторов  |f С. П. Фурсов  |g Академия наук Молдавской ССР (АН МССР) 
210 |a Кишинев  |c Картя молдовеняскэ  |d 1966 
215 |a 167 с.  |c ил. 
320 |a Библиогр.: с. 161-165. 
610 1 |a аккумуляторы 
610 1 |a зарядка 
610 1 |a выпрямители 
610 1 |a вентили 
610 1 |a схемы 
610 1 |a конденсаторы 
610 1 |a техника безопасности 
675 |a 621.314.63  |v 3 
675 |a 621.356  |v 3 
700 1 |a Фурсов  |b С. П.  |g Сергей Петрович 
712 0 2 |a Академия наук Молдавской ССР (АН МССР)  |2 stltpush  |3 (RuTPU)RU\TPU\col\85 
801 1 |a RU  |b 63413507  |c 20111216 
801 2 |a RU  |b 63413507  |c 20221215  |g RCR 
942 |c BK